header

Good deeds, good design (Record no. 145477)

MARC details
000 -LEADER
fixed length control field 01224nam a2200301Ia 4500
082 04 - DEWEY DECIMAL CLASSIFICATION NUMBER
Classification number 728/.086/24
245 00 - TITLE STATEMENT
Title Good deeds, good design
260 ## - PUBLICATION, DISTRIBUTION, ETC. (IMPRINT)
Place of publication New York :
Name of publisher Princeton Architectural Press,
Year of publication c2004.
300 ## - PHYSICAL DESCRIPTION
Number of Pages 239 p. :
Other physical details ill.
650 #0 - SUBJECT ADDED ENTRY--TOPICAL TERM
Topical Term Architects and community
Topical Term Architectural services marketing
Topical Term Low-income housing
700 1# - ADDED ENTRY--PERSONAL NAME
Personal name Bell, Bryan,
856 40 - ELECTRONIC LOCATION AND ACCESS
Uniform Resource Identifier http://site.ebrary.com/lib/rucke/Doc?id=10182747

No items available.

© 2026 Rongo University
Contact us: librarian | system librarian | Rongo university